Socio-econimic aspects of promoting international tourism in Georgia
Faktory vplyvu na rozvoj cestovného ruchu. Ukazovatele merajúce významnosť cestovného ruchu pre ekonomiku. Piliere udržateľnosti medzinárodného cestovného ruchu.
Gespeichert in:
| 1. Verfasser: | |
|---|---|
| Weitere Verfasser: | |
| Format: | Buchkapitel |
| Sprache: | Englisch |
| Schlagworte: | |
| Tags: |
Keine Tags, Fügen Sie das erste Tag hinzu!
|
MARC
| LEADER | 00000naa a2200000 4500 | ||
|---|---|---|---|
| 001 | 0211662 | ||
| 005 | 20220718121537.4 | ||
| 041 | 0 | |a eng | |
| 044 | |a SK | ||
| 245 | 1 | 0 | |a Socio-econimic aspects of promoting international tourism in Georgia |c Maka Piranashvili, Nodar Grdzelishvili |
| 520 | |a Faktory vplyvu na rozvoj cestovného ruchu. Ukazovatele merajúce významnosť cestovného ruchu pre ekonomiku. Piliere udržateľnosti medzinárodného cestovného ruchu. | ||
| 610 | 2 | 0 | |a ruch cestovný medzinárodný |
| 610 | 2 | 0 | |a rozvoj trvalo udržateľný |
| 610 | 2 | 0 | |a rozvoj hospodársky |
| 610 | 2 | 0 | |a politika ruchu cestovného |
| 100 | 1 | |a Piranashvili, Maka | |
| 700 | 1 | |a Grdzelishvili, Nodar | |